Overwatch or Marvel Rivals? - Statistics

General Stats
  • This quiz has been taken 874 times
    159 since last reset
  • The average score is 9 of 14
Answer Stats
Question Answer % Correct
Have 3 main roles in total Both
94%
Have golden variants of weapons Overwatch
91%
Every part of the map is destructible Marvel Rivals
90%
Have a sniper character with "Widow" as part of their name Both
89%
The main antagonists in the game's story being robots Overwatch
87%
Had more heroes at their initial launch Marvel Rivals
86%
Have heroes with a hook-like ability Both
76%
Have heroes locked behind a paywall Neither
66%
Currently has more heroes Overwatch
61%
Had role queue at the game's launch Neither
42%
Has longer seasons Marvel Rivals
37%
Is 6v6 at its current form Both
34%
NetEase Games oversees operations in China Both
12%
Have hero bans in competitive mode Marvel Rivals
8%
No matching quizzes found
Score Distribution
Percent of People with Each Score
Percentile by Number Answered
Your Score History
You have not taken this quiz since the last reset